| 000 | 00852nam a2200265 a 4500 | ||
|---|---|---|---|
| 008 | |||
| 020 | _a9781446286050 (paperback) | ||
| 040 |
_aNUST _cNUST |
||
| 049 | _aMAIN | ||
| 090 |
_aJZ1234 _bLAM |
||
| 100 | 1 |
_aLamont, Christopher., _aauthor. |
|
| 245 | 1 | 0 |
_aResearch methods in international relations/ _c Christopher Lamont. |
| 260 |
_aLos Angeles : _bSAGE, _c2015. |
||
| 300 |
_ax, 189 pages : _billustrations ; _c25 cm. |
||
| 336 |
_atext _btxt _2rdacontent |
||
| 337 |
_aunmediated _bn _2rdamedia |
||
| 338 |
_avolume _bnc _2rdacarrier |
||
| 500 | _aIncludes index. | ||
| 504 | _aIncludes bibliographical references. | ||
| 650 | 1 |
_aInternational relations _xResearch _vMethodology. |
|
| 907 |
_a.b10404703 _b11-06-21 _c11-06-21 |
||
| 003 | |||
| 005 | 20230123141203.0 | ||
| 942 |
_cBOOKS _kJZ1234 _mLAM |
||
| 999 |
_c169163 _d169163 |
||